000 01325nam0a2200301 4500
001 RU\NLR\bibl\17409
005 20260405162005.0
021 _aRU
_b99-603
_933
035 _a(NLR Aleph) 000017018
090 _a73057
_c73057
100 _a19990323d1998 |||y0rusy50 ca
101 0 _arus
102 _aRU
105 _ay |||||||||
200 1 _aМуромский городок
_fГ.И. Матвеева, А.Ф. Кочкина
_gАдминистрация Сам. обл. Упр. культуры Администрации Сам. обл., Сам. обл. ист.-краевед. музей им. П.В. Алабина
210 _aСамара
_cБ.и.
_d1998
215 _a46 с.
_cил., карт.
_d20
320 _aБиблиогр.: с. 45
607 _aВолжская Булгария
_xАрхеологические исследования
_91162807
_3RU\NLR\auth\66147805
686 _aТ4(2)432.194
700 1 _4070
_8rus
_7ca
_aМатвеева
_bГ. И.
_cисторик
_gГалина Ивановна
_3RU\NLR\auth\7768369
_951297
701 1 _aКочкина
_bА. Ф.
_gАнна Федоровна
_4070
801 0 _aRU
_bNLR
_c19990323
_gPSBO
801 1 _aRU
_bNLR
_c19990323
852 _aNLR
_j99-4/44
942 _cBOOK
980 _aNB